000 00622nam a2200193Ia 4500
005 20250326140902.0
008 250326s9999 xx 000 0 und d
020 _a0-19-511012-9
037 _aTextbook
040 _aFMSL
_beng
_cFMSL
041 _aeng
_2eng
084 _aX:8 N8
_qFMSL
100 _aChoo Chun Wei
_9743281
245 0 _aKnowing organization: how organizations use information to construct meaning, create knowledge, and make decisions
_cChoo Chun Wei
260 _aNew York
_bNew York, Oxford University
_c1998
300 _axviii,298
942 _cTB
_hX:8 N8
999 _c1287732
_d1287732